| Tag |
First Indicator |
Second Indicator |
Subfields |
| LEADER |
00000cam a2200000 a 4500 |
| 001 |
in00000078209 |
| 005 |
20151008060657.0 |
| 008 |
810728s1981 vau b 00010 eng |
| 010 |
|
|
|a 81154085
|
| 020 |
|
|
|a 0882101196 (pbk.)
|
| 035 |
|
|
|a (OCoLC)07546894
|
| 035 |
|
|
|9 AAJ6317AM
|
| 039 |
0 |
|
|a 2
|b 3
|c 3
|d 3
|e 3
|
| 040 |
|
|
|a DLC
|c DLC
|d TXA
|d UtOrBLW
|
| 049 |
|
|
|a TXAM
|c [1805197]
|
| 050 |
0 |
0 |
|a LB2831.6
|b .L56
|
| 082 |
0 |
|
|a 371.2/012
|2 19
|
| 100 |
1 |
|
|a Lipham, James M.
|
| 245 |
1 |
0 |
|a Effective principal, effective school /
|c by James M. Lipham.
|
| 264 |
|
1 |
|a Reston, Va. :
|b National Association of Secondary School Principals,
|c [1981]
|
| 264 |
|
4 |
|c ©1981
|
| 300 |
|
|
|a viii, 26 pages ;
|c 22 cm.
|
| 336 |
|
|
|a text
|b txt
|2 rdacontent
|
| 337 |
|
|
|a unmediated
|b n
|2 rdamedia
|
| 338 |
|
|
|a volume
|b nc
|2 rdacarrier
|
| 504 |
|
|
|a Bibliography: pages 20-26.
|
| 650 |
|
0 |
|a School principals.
|
| 999 |
|
|
|a MARS
|
| 999 |
f |
f |
|s 87d85ed1-7941-3073-92b7-ed29994d9cf0
|i 302bfa82-fa1c-3c45-9097-16f19c5f801c
|t 0
|
| 952 |
f |
f |
|p normal
|a Texas A&M University
|b College Station
|c Sterling C. Evans Library
|d Evans: Library Stacks
|t 0
|e LB2831.6 .L56
|h Library of Congress classification
|i unmediated -- volume
|m A14806162352
|
| 998 |
f |
f |
|a LB2831.6 .L56
|t 0
|l Evans: Library Stacks
|